Meilleurs buteurs du FC Barcelone - Statistiques

Statistiques générales
  • Ce quiz a été pris 237 fois
  • Le résultat moyen est 8 sur 30
Statistiques - réponses
Rang Joueurs Nombre de buts % Correct
#1 Messi 672
100%
#3 Suarez 195
97%
#15 Neymar 105
94%
#5 Eto'o 130
74%
#20 Ronaldinho 94
68%
#26 Xavi 85
66%
#28 Lewandowski 82
64%
#19 Pedro 99
54%
#5 Rivaldo 130
40%
#24 Koeman 88
27%
#8 Kluivert 122
19%
#11 Stoichkov 117
11%
#13 Enrique 108
8%
#4 Kubala 193
7%
#2 Rodriguez 226
6%
#23 Schuster 89
4%
#20 Bakero 94
3%
#28 Kocsis 82
3%
#7 Martin 129
3%
#15 Martinez 105
3%
#8 Rexach 122
3%
#30 Arocha 81
2%
#18 Asensi 101
2%
#12 Basora 110
2%
#10 Escola 120
2%
#15 Macedo 105
2%
#26 Salinas 85
2%
#25 Samitier 86
2%
#22 Tejada 92
2%
#14 Zaldua 106
2%
Aucun quiz correspondant
Distribution des résultats
% des personnes avec chaque résultat
Percentile par nombre de réponses
Votre historique - résultats
Vous n’avez pas pris ce quiz